Estadísticas para Miembros de la Comunidad del Anillo

Haz click aquí para tomar la prueba!

Estadísticas generales

  • Esta prueba ha sido tomada 653 veces
  • La puntuación promedio es 7 de 9

Estadísticas de respuestas

Miembro% Correcto
Frodo
96%
Gandalf
95%
Legolas
91%
Sam
89%
Aragorn
82%
Pippin
75%
Merry
72%
Boromir
71%
Gimli
71%

Distribución de puntuación

Porcentaje por número respondido

Porcentaje de gente con cada puntuación

Historial de tus puntuaciones

No has tomado esta prueba